Oracle database 10g data warehousing. / (Record no. 1799)

MARC details
000 -LEADER
fixed length control field 01749cam a22003497a 4500
001 - CONTROL NUMBER
control field 13899862
005 - DATE AND TIME OF LATEST TRANSACTION
control field 20210414114056.0
008 - FIXED-LENGTH DATA ELEMENTS--GENERAL INFORMATION
fixed length control field 050315s2005 ne a 001 0 eng
010 ## - LIBRARY OF CONGRESS CONTROL NUMBER
LC control number 2005272262
015 ## - NATIONAL BIBLIOGRAPHY NUMBER
National bibliography number GBA477400
Source bnb
016 7# - NATIONAL BIBLIOGRAPHIC AGENCY CONTROL NUMBER
Record control number 013023939
Source Uk
020 ## - INTERNATIONAL STANDARD BOOK NUMBER
International Standard Book Number 1555583229 (pbk. : acidfree paper)
035 ## - SYSTEM CONTROL NUMBER
System control number (OCoLC)ocm56875856
040 ## - CATALOGING SOURCE
Original cataloging agency UKM
Transcribing agency UKM
Modifying agency VPI
-- DLC
042 ## - AUTHENTICATION CODE
Authentication code lccopycat
050 00 - LIBRARY OF CONGRESS CALL NUMBER
Classification number QA76.9.D37O68
082 04 - DEWEY DECIMAL CLASSIFICATION NUMBER
Classification number 005.7585
Edition number 22
100 ## - MAIN ENTRY--PERSONAL NAME
Personal name Hobbs, Lilian.
245 00 - TITLE STATEMENT
Title Oracle database 10g data warehousing. /
Statement of responsibility, etc. Lilian Hobbs ... [et al.].
260 ## - PUBLICATION, DISTRIBUTION, ETC.
Place of publication, distribution, etc. Amsterdam ;
-- Boston :
Name of publisher, distributor, etc. Elsevier Digital Press,
Date of publication, distribution, etc. c2005.
300 ## - PHYSICAL DESCRIPTION
Extent xxvii, 837 p. :
Other physical details ill. ;
Dimensions 24 cm.
500 ## - GENERAL NOTE
General note Includes index.
505 ## - FORMATTED CONTENTS NOTE
Formatted contents note Contents: Data warehousing -- Designing a warehouse -- Architecture of a data warehouse -- Physical design of data warehouse -- Loading data into house -- Querying the data warehouse -- Summary management -- Dimensions -- Query rewrite -- Turning query performance -- Managing the warehouse -- Backup and recovery -- Oracle warehousing tools -- Data warehousing and the web -- OLAP -- Oracle data mining -- High available and a data warehouse -- Appendix A: The Scheme for easy shopping Inc. -- B: Product information.
630 00 - SUBJECT ADDED ENTRY--UNIFORM TITLE
Uniform title Oracle (Computer file)
650 #0 - SUBJECT ADDED ENTRY--TOPICAL TERM
Topical term or geographic name entry element Data warehousing.
700 1# - ADDED ENTRY--PERSONAL NAME
Personal name Hobbs, Lilian,
Dates associated with a name 1959-
856 42 - ELECTRONIC LOCATION AND ACCESS
Materials specified Publisher description
Uniform Resource Identifier <a href="http://www.loc.gov/catdir/enhancements/fy0626/2005272262-d.html">http://www.loc.gov/catdir/enhancements/fy0626/2005272262-d.html</a>
856 41 - ELECTRONIC LOCATION AND ACCESS
Materials specified Table of contents only
Uniform Resource Identifier <a href="http://www.loc.gov/catdir/enhancements/fy0626/2005272262-t.html">http://www.loc.gov/catdir/enhancements/fy0626/2005272262-t.html</a>
906 ## - LOCAL DATA ELEMENT F, LDF (RLIN)
a 7
b cbc
c copycat
d 2
e ncip
f 20
g y-gencatlg
942 ## - ADDED ENTRY ELEMENTS (KOHA)
Source of classification or shelving scheme Library of Congress Classification
Koha item type Books
Holdings
Withdrawn status Lost status Source of classification or shelving scheme Damaged status Not for loan Home library Current library Shelving location Date acquired Total Checkouts Full call number Barcode Date last seen Copy number Price effective from Koha item type
    Library of Congress Classification     WISCONSIN INTERNATIONAL UNIVERSITY COLLEGE, GHANA - MAIN LIBRARY WISCONSIN INTERNATIONAL UNIVERSITY COLLEGE, GHANA - MAIN LIBRARY General Stacks 23/07/2012   QA76.9.D37O68 5221/12 23/07/2012 1 23/07/2012 Books

If you have any concerns or questions; kindly contact the library


© Powered by WIUC ICT DIRECTORATE